[Event "XIII International Chess Festival"]
[Site "Paracin"]
[Date "2020.07.07"]
[Round "6.15"]
[White "Sahin, Ozgun"]
[Black "Radojkovic, Stefan"]
[Result "1-0"]
[BlackElo "1898"]
[WhiteElo "2220"]
[LiveChessVersion "1.4.8"]

1. e4 {[%clk 1:30:57]} c5 {[%clk 1:30:52]} 2. Nf3 {[%clk 1:30:53]} e6
{[%clk 1:30:29]} 3. d4 {[%clk 1:29:40]} cxd4 {[%clk 1:30:33]} 4. Nxd4
{[%clk 1:30:04]} Nf6 {[%clk 1:30:20]} 5. Nc3 {[%clk 1:29:40]} d6 {[%clk 1:30:03]}
6. g4 {[%clk 1:29:35]} a6 {[%clk 1:29:33]} 7. g5 {[%clk 1:28:44]} Nfd7
{[%clk 1:29:27]} 8. h4 {[%clk 1:28:49]} b5 {[%clk 1:27:48]} 9. a3
{[%clk 1:28:10]} Bb7 {[%clk 1:26:03]} 10. Be3 {[%clk 1:27:17]} Nc6
{[%clk 1:23:58]} 11. h5 {[%clk 1:27:19]} Nxd4 {[%clk 1:18:06]} 12. Qxd4
{[%clk 1:27:08]} Ne5 {[%clk 1:18:11]} 13. Be2 {[%clk 1:26:58]} Rc8
{[%clk 1:17:48]} 14. O-O-O {[%clk 1:27:00]} Qa5 {[%clk 1:11:49]} 15. h6
{[%clk 1:17:35]} Rxc3 {[%clk 1:02:47]} 16. Qxc3 {[%clk 1:17:30]} Qxc3
{[%clk 1:03:09]} 17. bxc3 {[%clk 1:17:57]} Bxe4 {[%clk 1:03:24]} 18. Rh4
{[%clk 1:15:56]} Bd5 {[%clk 1:02:08]} 19. a4 {[%clk 1:02:38]} Bc4
{[%clk 0:56:59]} 20. Bxc4 {[%clk 0:55:46]} Nxc4 {[%clk 0:56:16]} 21. Rxc4
{[%clk 0:46:46]} bxc4 {[%clk 0:56:40]} 22. hxg7 {[%clk 0:47:14]} Bxg7
{[%clk 0:56:57]} 23. Rxd6 {[%clk 0:47:40]} a5 {[%clk 0:52:00]} 24. Rc6
{[%clk 0:44:53]} O-O {[%clk 0:48:09]} 25. Rxc4 {[%clk 0:45:14]} f6
{[%clk 0:48:32]} 26. Rc5 {[%clk 0:40:22]} fxg5 {[%clk 0:47:47]} 27. Rxg5
{[%clk 0:40:43]} Rf5 {[%clk 0:46:50]} 28. Rxf5 {[%clk 0:39:24]} exf5
{[%clk 0:47:19]} 29. Kd2 {[%clk 0:37:38]} h5 {[%clk 0:46:27]} 30. Bb6
{[%clk 0:37:51]} Kf7 {[%clk 0:46:00]} 31. Bxa5 {[%clk 0:38:10]} Ke6
{[%clk 0:46:24]} 32. Bd8 {[%clk 0:37:02]} Kd7 {[%clk 0:46:20]} 33. Bg5
{[%clk 0:35:45]} Kc6 {[%clk 0:46:28]} 34. Kd3 {[%clk 0:31:59]} Bf8
{[%clk 0:44:52]} 35. f3 {[%clk 0:25:35]} Bd6 {[%clk 0:41:31]} 36. Bh4
{[%clk 0:23:30]} Kd5 {[%clk 0:36:56]} 37. c4+ {[%clk 0:22:15]} Kc5
{[%clk 0:35:42]} 38. a5 {[%clk 0:19:59]} Bh2 {[%clk 0:34:26]} 39. Bf2+
{[%clk 0:19:52]} Kc6 {[%clk 0:34:45]} 40. a6 {[%clk 0:18:49]} f4 {[%clk 0:34:28]}
41. c5 {[%clk 0:18:06]} Kd5 {[%clk 0:33:34]} 42. Ke4+ 1-0

[Event "International OPEN "]
[Site "Paracin, Pool "]
[Date "2020.07.07"]
[Round "6.17"]
[White "Zlatkov, Anton"]
[Black "Tirelli, Mauro"]
[Result "0-1"]
[WhiteElo "1948"]
[BlackElo "2187"]
[PlyCount "78"]
[EventDate "2020.07.03"]

1. e4 c5 2. Nf3 e6 3. c3 Nf6 4. e5 Nd5 5. d4 cxd4 6. cxd4 d6 7. Bc4 Nc6 8. O-O
dxe5 9. dxe5 Be7 10. Qe2 Qc7 11. Rd1 Bd7 12. Bd2 O-O 13. Nc3 Nxc3 14. Bxc3 Rfd8
15. Rac1 Be8 16. Bd3 Rd5 17. b4 a6 18. a4 Rad8 19. b5 axb5 20. axb5 Na5 21. Bd4
Qb8 22. Bc4 Bxb5 23. Ba7 Bxc4 24. Bxb8 Bxe2 25. Rxd5 Rxd5 26. Rc8+ Rd8 27.
Rxd8+ Bxd8 28. Nd4 Bc4 29. Ba7 g5 30. Bc5 Kg7 31. f3 Bc7 32. Kf2 Bd5 33. g3 f5
34. exf6+ Kxf6 35. Ke1 h5 36. Nc2 h4 37. Bd4+ e5 38. Bc3 Nc4 39. Ke2 Ba5 0-1

[Event "International OPEN "]
[Site "Paracin, Pool "]
[Date "2020.07.07"]
[Round "6.18"]
[White "Durak, Can"]
[Black "Pantic, Ivica"]
[Result "1-0"]
[WhiteElo "1847"]
[BlackElo "2131"]
[PlyCount "59"]
[EventDate "2020.07.03"]

1. d4 Nf6 2. Nf3 e6 3. g3 b5 4. Bg2 Bb7 5. O-O c5 6. b3 Na6 7. a4 b4 8. Bb2 Rc8
9. Nbd2 Be7 10. Rc1 O-O 11. c3 bxc3 12. Bxc3 Ne4 13. Nxe4 Bxe4 14. dxc5 Bxc5
15. Ne5 Bxg2 16. Kxg2 d6 17. Nd3 Ba3 18. Rc2 Qb6 19. Qb1 Qc6+ 20. Kg1 e5 21.
Qa1 e4 22. Ne1 Bc5 23. b4 e3 24. bxc5 exf2+ 25. Kxf2 Nxc5 26. Bxg7 Rfe8 27. Bh6
Re5 28. Nf3 Qe4 29. Nxe5 Qxc2 30. Nc6 1-0

[Event "International OPEN "]
[Site "Paracin, Pool "]
[Date "2020.07.07"]
[Round "6.19"]
[White "Albers, Sasa"]
[Black "Srdanovic, Jovana"]
[Result "1/2-1/2"]
[WhiteElo "2120"]
[BlackElo "2070"]
[PlyCount "56"]
[EventDate "2020.07.03"]

1. e4 c5 2. Nf3 d6 3. d4 cxd4 4. Nxd4 Nf6 5. Nc3 a6 6. Be3 e6 7. Qd2 b5 8. a3
Bb7 9. f3 Be7 10. Be2 Nbd7 11. O-O O-O 12. Rad1 Rc8 13. Rfe1 Nb6 14. Bf2 Nc4
15. Bxc4 Rxc4 16. Qd3 Nd7 17. f4 Qa8 18. Qg3 Nf6 19. e5 dxe5 20. fxe5 Ne4 21.
Nxe4 Bxe4 22. c3 Qb7 23. Nb3 Rcc8 24. Na5 Qa8 25. Rd7 Bc5 26. Bxc5 Rxc5 27. Qe3
Qc8 28. Rd4 Bg6 1/2-1/2

[Event "International OPEN "]
[Site "Paracin, Pool "]
[Date "2020.07.07"]
[Round "6.20"]
[White "Zakharov, Denis"]
[Black "Stankovic, Boris"]
[Result "0-1"]
[WhiteElo "1839"]
[BlackElo "2119"]
[PlyCount "54"]
[EventDate "2020.07.03"]

1. e4 c5 2. Nf3 d6 3. d4 cxd4 4. Nxd4 Nf6 5. Nc3 Nc6 6. g3 g6 7. Bg2 Bd7 8.
Nde2 Bg7 9. O-O O-O 10. Nd5 Rc8 11. Bg5 Nxd5 12. exd5 Ne5 13. b3 h6 14. Bd2 Qb6
15. h3 Bf5 16. Rc1 g5 17. Bc3 Qa6 18. Bd4 g4 19. h4 Rc7 20. Nc3 Rfc8 21. Be4
Bxe4 22. Nxe4 Nf3+ 23. Kg2 Bxd4 24. c4 b5 25. cxb5 Rxc1 26. bxa6 Rxd1 27. Rxd1
Rc2 0-1